[Event "Luiz Rego Memorial"]
[Site "Teresina"]
[Date "2013.08.17"]
[Round "4"]
[White "Feitosa, Airton Jose Tajra"]
[Black "De Oliveira, Hebert Silva"]
[Result "0-1"]
[WhiteElo "1739"]
[BlackElo "2118"]
[PlyCount "56"]
[EventDate "2013.08.16"]
[EventType "swiss"]
[EventRounds "6"]
[EventCountry "BRA"]
[SourceTitle "EXT 2014"]
[Source "ChessBase"]
[SourceDate "2013.11.20"]
[SourceVersion "1"]
[SourceVersionDate "2013.11.20"]
[SourceQuality "1"]

1. e4 c5 2. Nf3 d6 3. d4 cxd4 4. Nxd4 Nf6 5. Nc3 a6 6. Bc4 e6 7. Bb3 Qc7 8. 0-0 Be7 9. f4 0-0 10. Qf3 Nc6 11. Nxc6 Qxc6 12. Be3 b5 13. a3 Bb7 14. f5 exf5 15. Nd5 Bd8 16. Qxf5 Qe8 17. Bd4 Bxd5 18. exd5 Qd7 19. Qg5 h6 20. Qg3 Qg4 21. Qxg4 Nxg4 22. h3 Bf6 23. Bxf6 Nxf6 24. Rae1 Rfe8 25. c3 Kf8 26. Bc2 Rac8 27. Rxe8+ Rxe8 28. Bb3 Re2 0-1

[Event "Joao Pessoa op 08"]
[Site "Joao Pessoa"]
[Date "2013.08.04"]
[Round "5"]
[White "Born, Ary"]
[Black "Feitosa, Airton Jose Tajra"]
[Result "0-1"]
[WhiteElo "1457"]
[BlackElo "1739"]
[PlyCount "60"]
[EventDate "2013.08.02"]
[EventType "swiss"]
[EventRounds "6"]
[EventCountry "BRA"]
[SourceTitle "CBM 155 Extra"]
[Source "ChessBase"]
[SourceDate "2013.08.26"]
[SourceVersion "1"]
[SourceVersionDate "2013.08.26"]
[SourceQuality "1"]

1. e4 c5 2. c3 d5 3. exd5 Qxd5 4. d4 cxd4 5. cxd4 Nc6 6. Nc3 Qxd4 7. Qxd4 Nxd4 8. Nb5 Nc2+ 9. Kd1 Nxa1 10. Nc7+ Kd8 11. Nxa8 Bf5 12. Be3 b6 13. Bc4 e6 14. Bf4 Be4 15. Bc7+ Ke7 16. f3 Bxa8 17. Kc1 Kd7 18. Bb8 a6 19. Bxa6 Nf6 20. Kb1 Bc5 21. Be5 Nb3 22. axb3 Ng4 23. Bg3 Ne3 24. Bb5+ Ke7 25. Nh3 Nxg2 26. Ng5 f5 27. h4 h6 28. Rd1 hxg5 29. Rd7+ Kf6 30. hxg5+ Kg6 0-1

[Event "Recife Arraes Memorial 6th"]
[Site "Recife"]
[Date "2013.06.07"]
[Round "2"]
[White "De Sousa, Marcelo Junio Vicen"]
[Black "Feitosa, Airton Jose Tajra"]
[Result "1-0"]
[WhiteElo "1775"]
[BlackElo "1803"]
[PlyCount "67"]
[EventDate "2013.06.06"]
[EventType "swiss"]
[EventRounds "7"]
[EventCountry "BRA"]
[SourceTitle "EXT 2014"]
[Source "ChessBase"]
[SourceDate "2013.11.20"]
[SourceVersion "1"]
[SourceVersionDate "2013.11.20"]
[SourceQuality "1"]

1. e4 c5 2. Nf3 Nc6 3. d4 cxd4 4. Nxd4 g6 5. Nc3 Bg7 6. Be3 Nf6 7. Qd2 Ng4 8. Nxc6 bxc6 9. Bc4 Nxe3 10. Qxe3 Qa5 11. 0-0 0-0 12. f4 Qb4 13. Qd3 Qxb2 14. e5 d5 15. Bb3 Bf5 16. Qd2 Qa3 17. Ne2 Qc5+ 18. Kh1 a5 19. a4 f6 20. c4 dxc4 21. Rac1 Be6 22. f5 Rfd8 23. Qb2 Qb4 24. Nd4 cxb3 25. Nxe6 Rd2 26. Qb1 Qg4 27. Rg1 b2 28. Rxc6 Qxa4 29. Rc7 g5 30. Nxg7 Kxg7 31. Rxe7+ Kg8 32. exf6 Rc8 33. f7+ Kf8 34. Qe1 1-0

[Event "Fortaleza Alves memorial 17th"]
[Site "Fortaleza"]
[Date "2013.05.18"]
[Round "4"]
[White "Juliani, Sidney"]
[Black "Feitosa, Airton Jose Tajra"]
[Result "1-0"]
[WhiteElo "1879"]
[BlackElo "1803"]
[PlyCount "65"]
[EventDate "2013.05.17"]
[EventType "swiss"]
[EventRounds "6"]
[EventCountry "BRA"]
[SourceTitle "CBM 154 Extra"]
[Source "ChessBase"]
[SourceDate "2013.06.25"]
[SourceVersion "2"]
[SourceVersionDate "2013.06.25"]
[SourceQuality "1"]

1. e4 c5 2. Nf3 Nc6 3. d4 cxd4 4. Nxd4 g6 5. Be3 Bg7 6. Qd2 Nf6 7. Nc3 0-0 8. f3 Qa5 9. Nb3 Qd8 10. Bh6 d6 11. g4 Ne5 12. Be2 Be6 13. Bxg7 Kxg7 14. 0-0-0 a5 15. h4 a4 16. Nd4 a3 17. Nxe6+ fxe6 18. b3 Qa5 19. Qe3 Rac8 20. Nb5 Rc5 21. Nd4 Kf7 22. g5 Nfd7 23. h5 Rc3 24. Qd2 Rfc8 25. hxg6+ Nxg6 26. Bd3 Qe5 27. Bc4 R3xc4 28. bxc4 Rxc4 29. f4 Qg7 30. f5 exf5 31. exf5 Ngf8 32. f6 exf6 33. Nf5 1-0

[Event "Fortaleza Alves memorial 17th"]
[Site "Fortaleza"]
[Date "2013.05.17"]
[Round "2"]
[White "Feitosa, Airton Jose Tajra"]
[Black "Da Silva, Antonio Dutra"]
[Result "1-0"]
[WhiteElo "1803"]
[BlackElo "1775"]
[PlyCount "71"]
[EventDate "2013.05.17"]
[EventType "swiss"]
[EventRounds "6"]
[EventCountry "BRA"]
[SourceTitle "CBM 154 Extra"]
[Source "ChessBase"]
[SourceDate "2013.06.25"]
[SourceVersion "2"]
[SourceVersionDate "2013.06.25"]
[SourceQuality "1"]

1. e4 e6 2. d4 d5 3. Nc3 Nf6 4. Bg5 Be7 5. e5 Nfd7 6. Bxe7 Qxe7 7. Nf3 c5 8. Nb5 Kd8 9. Qd2 cxd4 10. Qxd4 Nc6 11. Qc3 f6 12. exf6 gxf6 13. 0-0-0 Nc5 14. Nfd4 Nb4 15. Kb1 Na4 16. Qb3 Nb6 17. a3 Na6 18. c4 Nc5 19. Qf3 h5 20. cxd5 e5 21. d6 Qh7+ 22. Bd3 Qf7 23. Nf5 Nxd3 24. Qxd3 Be6 25. Nc7 Bc4 26. Qe4 Rb8 27. Rhe1 Nd7 28. f4 Nc5 29. Qf3 Ba2+ 30. Kc1 Nb3+ 31. Kc2 Qg6 32. fxe5 fxe5 33. Rxe5 Rf8 34. Ne6+ Kd7 35. Nxf8+ Rxf8 36. Qxb7+ 1-0